| 000 | 01459nam0a22003371 4500 | ||
|---|---|---|---|
| 001 | rc\2231067 | ||
| 005 | 20110826154700.1 | ||
| 035 | _a(NLR Aleph) 006519445 | ||
| 090 |
_a6414267 _c6414267 |
||
| 100 | _a20110826d1979 |||y0rusy50 ca | ||
| 101 | 0 | _arus | |
| 102 | _aRU | ||
| 105 | _aa z |||a| | ||
| 200 | 1 |
_aСтихотворения _aЦарь Федор Иоаннович _fАлексей Константинович Толстой _g[Предисл. и примеч. Г.И. Стафеева _gИл. Н.В. Акиншина] |
|
| 210 |
_aТула _cПриок. кн. изд-во _d1979 |
||
| 215 |
_a383 с. _cил. _d20 |
||
| 225 | 1 | _aОтчий край | |
| 327 | 1 | _aСодерж.: Стихотворения; Поэмы: Иоанн Дамаскин; Портрет; Царь Федор Иоаннович: Трагедия | |
| 464 | 0 | _12001#$aСтихотворения$aИоанн Дамаскин$eПоэма$aПортрет$eПоэма$aЦарь Федор Иоаннович$eТрагедия | |
| 686 |
_a84Р1 _2rubbk |
||
| 686 |
_aШ5(2-Р)52-6я44 _2rubbk |
||
| 700 | 1 |
_aТолстой _bА. К. _f1817-1875 _gАлексей Константинович |
|
| 702 | 1 |
_aАкиншин _bН. В. _4440 |
|
| 702 | 1 |
_aСтафеев _bГ. И. _4080 _4212 |
|
| 801 | 0 |
_aRU _bNLR _gpsbo |
|
| 801 | 1 |
_aRU _bELAR _2rusmarc |
|
| 852 |
_aNLR _j80-3/1198 |
||
| 899 |
_aRuMoRGB _jB 79-22/33 |
||
| 899 |
_aRuMoRGB _jB 79-22/34 |
||
| 942 | _cBOOK | ||
| 980 | _aNB | ||